| 000 | 00949nam a22003137a 4500 | ||
|---|---|---|---|
| 003 | CHAP | ||
| 005 | 20220329134722.0 | ||
| 008 | 971013s1978 r 00010 d | ||
| 010 | _a24759 | ||
| 011 | _a25731 | ||
| 035 | _a29831 | ||
| 040 | _cCHAP | ||
| 090 | _aFolleto 6273 | ||
| 100 | 0 | 0 |
_aBrocklehurst, K. G. _915481 |
| 245 | _aPlant histology | ||
| 260 |
_aLondon : _bHodder and Stoughton, _c1978 |
||
| 300 |
_a24 p. _b: ilus. |
||
| 490 |
_aPhotobiological studies _v; 2 |
||
| 590 |
_aBATCH-UPD _b10 _c20130110 _lUCH01 _h1050 |
||
| 590 |
_aBATCH-UPD _b10 _c20130410 _lUCH01 _h0646 |
||
| 590 |
_aBATCH-UPD _b10 _c20130914 _lUCH01 _h0944 |
||
| 590 |
_aCONVERSION _b10 _c20130109 _lUCH01 _h1314 |
||
| 650 | 1 | 4 |
_aCitologĂa e histologĂa vegetales. _923495 |
| 700 | 0 |
_aDavies, B. Joan. _931196 |
|
| 830 | 0 |
_aPhotobiological studies _v; 2 _987870 |
|
| 901 | _aBK | ||
| 942 | _cFOLL | ||
| 949 |
_aFolleto 6273 _bBC _cFOLL _d-68870 _eTS1 _i29831 _si _t130.00 |
||
| 999 |
_c24759 _d24759 |
||